These are the garments. (Record no. 2532)

000 -LEADER
fixed length control field 00757nam a2200193 a 4500
001 - CONTROL NUMBER
control field :::00000257$&:&@@
003 - CONTROL NUMBER IDENTIFIER
control field OkBaRHE
005 - DATE AND TIME OF LATEST TRANSACTION
control field 20000607103237.0
008 - FIXED-LENGTH DATA ELEMENTS--GENERAL INFORMATION
fixed length control field s1974 j 000 0 eng u
040 ## - CATALOGING SOURCE
Transcribing agency
100 1# - MAIN ENTRY--PERSONAL NAME
Personal name Slemming, C. W. (Charles William).
245 10 - TITLE STATEMENT
Title These are the garments.
260 ## - PUBLICATION, DISTRIBUTION, ETC. (IMPRINT)
Place of publication, distribution, etc Fort Washington, PA., :
Name of publisher, distributor, etc Christian Literature Crusade
Date of publication, distribution, etc 1974
300 ## - PHYSICAL DESCRIPTION
Extent 169 p. : illus. ;
Dimensions 18 cm.
650 ## - SUBJECT ADDED ENTRY--TOPICAL TERM
Topical term or geographic name as entry element Priests, Jewish
General subdivision Vestments
942 ## - ADDED ENTRY ELEMENTS (KOHA)
Source of classification or shelving scheme
Koha item type Books
Copies
Date acquired Not for loan Full call number Copy number Lost status Total Renewals Koha item type Barcode Current Location Date last seen Price effective from Damaged status Date checked out Shelving location Total Checkouts Source of classification or shelving scheme Withdrawn status Permanent Location
2010-04-14 BM 657 .A1S561  Books257 2011-01-042010-04-14  General Stacks   RHEMA Bible Training College
2010-04-14 BM 657 .A1S562 1Books16478RHEMA Bible Training College2018-01-092010-04-14 2011-12-13General Stacks2  RHEMA Bible Training College